00545nam a2200157Ia 4500003000400000008004100004040001600045082002300061100002000084245006900104300000800173490001600181650003200197650006500229650009300294GCL140319s9999 xx 000 0 ara d aGCL / cGCL04aقb962.065bص ع1 aصلاح نصر10aعبدالناصر وتجربة الوحدة / cصلاح نصر a303 aكتابv004aجمال عبدالناصر04aمصر - تاريخ - العصر الحديث (1805 - 1956 )04aسوريا - تاريخ - العصر الحديث - الوحدة مع مصر(1958- 1961)